000 00723cab a2200229 4500
001 WB3005-29
008 090401t1994 xxu||||| |||| 00| 0 eng d
035 _a(Sirsi) u62246
041 _aeng
245 _aMeat not a farm product
260 _c1994
350 _a0
490 _aFarmers' Weekly
_v120(4) 28 January 1994, 10(1)
520 _aA farm shop selling meat produced on the farm but slaughtered off the premises faces closure as the planning authority maintain that this meat is not a product of the farm.
650 _aFARM SHOPS
650 _aMEAT PRODUCTS
650 _aPLANNING PERMISSION
690 _aPLANNING LAW AND PRACTICE
690 _aRURAL PRACTICE
942 _n0
948 _c04/03/1997
999 _c38681
_d38681